000
00216nam a22000857a 4500
008
161209b xxu||||| |||| 00| 0 eng d
100
_9
1956
_a
Irodow
245
_a
Physics Problems in General
260
_a
New Delhi
_b
CBS
_c
2000
999
_c
4750
_d
4750